Planning policies and affordable housing (Record no. 78477)

MARC details
000 -LEADER
fixed length control field 01170cab a2200217 4500
001 - CONTROL NUMBER
control field L136874
008 - FIXED-LENGTH DATA ELEMENTS--GENERAL INFORMATION
fixed length control field 070228n2007 000 0 eng u
035 ## - SYSTEM CONTROL NUMBER
System control number (Sirsi) u136874
041 0# - LANGUAGE CODE
Language code of text/sound track or separate title eng
100 1# - MAIN ENTRY--PERSONAL NAME
Personal name Whitehead, Christine M. E.
245 00 - TITLE STATEMENT
Title Planning policies and affordable housing
Remainder of title England as a successful case study?
260 ## - PUBLICATION, DISTRIBUTION, ETC.
Date of publication, distribution, etc. 2007
490 00 - SERIES STATEMENT
Series statement Housing Studies
Volume/sequential designation 22(1) January 2007, 25-44(20)
520 ## - SUMMARY, ETC.
Summary, etc. Looks at England's system of producing new affordable housing with the help of the land-use planning scheme. Addresses both the conceptual basis for this approach and the English experience by first setting out the rationale and principles behind a link between land-use planning and the provision of affordable housing. Examines how the mechanisms that have evolved in England relate to these principles. Draws lessons about the necessary conditions for success and the extent to which English experience is relevant.
590 ## - LOCAL NOTE (RLIN)
Local note KA
650 24 - SUBJECT ADDED ENTRY--TOPICAL TERM
Topical term or geographic name entry element Affordable housing
9 (RLIN) 6215
651 4# - SUBJECT ADDED ENTRY--GEOGRAPHIC NAME
Geographic name England
Chronological subdivision 886-
690 ## - LOCAL SUBJECT ADDED ENTRY--TOPICAL TERM (OCLC, RLIN)
Topical term or geographic name as entry element Planning and development
9 (RLIN) 6259
690 ## - LOCAL SUBJECT ADDED ENTRY--TOPICAL TERM (OCLC, RLIN)
Topical term or geographic name as entry element PROPERTY-RESIDENTIAL PROPERTY-RESIDENTIAL PROPERTY DEVELOPMENT
942 ## - ADDED ENTRY ELEMENTS (KOHA)
Suppress in OPAC 0
Holdings
Withdrawn status Lost status Source of classification or shelving scheme Damaged status Not for loan Home library Current library Shelving location Date acquired Total Checkouts Full call number Barcode Date last seen Copy number Price effective from Koha item type
    Dewey Decimal Classification     London London Journal article 28/02/2007   L136874 136874-1001 06/08/2019 1 06/08/2019 Journal article